| 000 | 00000nam##2200000za#4500 |
| 001 | 9.602969 |
| 003 | CaOODSP |
| 005 | 20240212134142 |
| 007 | cr ||||||||||| |
| 008 | 150406|2001||||xxc|||||o f|0| 0 fre|d |
| 040 | |aCaOODSP|bfre |
| 043 | |an-cn--- |
| 086 | 1 |aNE22-1/2001-5F-PDF |
| 110 | 1 |aCanada. |bOffice national de l'énergie. |
| 245 | 10|aMotifs de décision relativement à Murphy Oil Company Ltd. (maintenant Plains Marketing Canada L.P.) : |h[ressource électronique]|bplainte en date du 25 août 2000 déposée par PanCanadian Petroleum Limited, Alberta Energy Company Ltd., Gulf Canada (auparavant Crestar Energy Inc.) et EOTT Energy Canada Limited Partnership, entreprises connues collectivement sous le nom de groupe Bow River South (BRS), au sujet des droits exigés sur le pipeline Milk River |
| 246 | 1 |iTitre de renvoi : |aMurphy Oil Company Ltd. (maintenant Plains Marketing Canada L.P.), droits exigés sur le pipeline Milk River : plainte au sujet des droits |
| 260 | |aCalgary - Alberta : |bOffice national de l'énergie |cAoût 2001. |
| 300 | |a30p.|bcarte, tableaux |
| 490 | 1 |aMotifs de décision |
| 500 | |a« Motifs de décision (publiés sous forme de lettre le 9 août 2001) »--p.1 de 30. Errata, p. 2 de 30. Le nº de catalogue (NE22-1/2001-5F) et l'ISBN (0-662-86193-0) de l'édition imprimée ont été incorrectement copiés dans cette édition électronique. |
| 590 | |a12-10-Supp|b2012-03-23 |
| 775 | 08|tReasons for decision in the matter of Murphy Oil Company Ltd. (now Plains Marketing Canada L.P.) : |w(CaOODSP)9.572624 |
| 830 | #0|aMotifs de décision (Canada. Office national de l'énergie)|w(CaOODSP)9.500899 |
| 856 | 40|ahttp://publications.gc.ca|qPDF|s274 Ko|uhttps://publications.gc.ca/collections/collection_2011/one-neb/NE22-1-2001-5-fra.pdf |